[Event "II Festival A"]
[Site "Letojanni ITA"]
[Date "2002.12.23"]
[Round "4"]
[White "Pircher, Karl"]
[Black "Santagati, Alessandro"]
[Result "1/2-1/2"]
[WhiteElo "2058"]
[BlackElo "1749"]
[PlyCount "84"]
[EventDate "2002.12.21"]

1. d4 d5 2. c4 e6 3. Nc3 Nf6 4. Bg5 Nbd7 5. e3 Be7 6. Nf3 c6 7. Bd3 a6 8. O-O
O-O 9. Rc1 h6 10. Bh4 b5 11. cxd5 cxd5 12. Qe2 Bb7 13. Rc2 Rc8 14. Rfc1 Qa5 15.
a3 g5 16. Bg3 Ne4 17. Bxe4 dxe4 18. Nxe4 Rxc2 19. Qxc2 Rc8 20. Nc3 Nf6 21. Nd2
Nd5 22. Nb3 Qd8 23. Qd3 b4 24. axb4 Nxb4 25. Qd1 Kg7 26. h3 Nd5 27. Na4 Bc6 28.
Nac5 Qb6 29. Qc2 Nb4 30. Qe2 Bb5 31. Qf3 Na2 32. Ra1 Nb4 33. Rc1 a5 34. Ra1 Nd3
35. Nxd3 Bxd3 36. Nxa5 Qxb2 37. Qd1 Rc2 38. Kh2 Be4 39. Rb1 Qa2 40. Ra1 Qb2 41.
Rb1 Qa2 42. Ra1 Qb2 1/2-1/2

[Event "II Festival A"]
[Site "Letojanni ITA"]
[Date "2002.12.23"]
[Round "4"]
[White "Rotstein, Arkadij"]
[Black "Ortega, Lexy"]
[Result "1/2-1/2"]
[WhiteElo "2544"]
[BlackElo "2452"]
[PlyCount "83"]
[EventDate "2002.12.21"]

1. c4 e6 2. g3 d5 3. Bg2 Nf6 4. Nf3 Be7 5. O-O O-O 6. d4 dxc4 7. Qc2 a6 8. a4
Bd7 9. Qxc4 Bc6 10. Bg5 Bd5 11. Qc2 Be4 12. Qc1 h6 13. Bxf6 Bxf6 14. Nc3 Bxf3
15. Bxf3 c6 16. e3 a5 17. Ne4 Be7 18. Nc5 Bxc5 19. Qxc5 Na6 20. Qc4 Nb4 21.
Rfd1 Qe7 22. Rac1 Rfd8 23. Kg2 Rd7 24. h4 Rad8 25. Qc5 Qxc5 26. Rxc5 b6 27.
Rcc1 c5 28. dxc5 Rxd1 29. Bxd1 Nd3 30. Rc4 Nxc5 31. Bc2 Kf8 32. b4 axb4 33.
Rxb4 Rd6 34. Kf3 Rd2 35. Rc4 Nd7 36. Kg2 Ne5 37. Rc8+ Ke7 38. Kf1 h5 39. Ke1
Nf3+ 40. Kf1 Nh2+ 41. Ke1 Nf3+ 42. Kf1 1/2-1/2

[Event "II Festival A"]
[Site "Letojanni ITA"]
[Date "2002.12.23"]
[Round "4"]
[White "Russo, Alfio"]
[Black "Chilingirova, Pavlina"]
[Result "0-1"]
[WhiteElo "1792"]
[BlackElo "2216"]
[PlyCount "84"]
[EventDate "2002.12.21"]

1. d4 d6 2. c4 e5 3. dxe5 dxe5 4. Qxd8+ Kxd8 5. Nf3 f6 6. e3 c6 7. Be2 Be6 8.
O-O Kc7 9. a3 a5 10. b3 Nd7 11. Bd2 Nh6 12. Bc3 Nc5 13. Nbd2 Nf7 14. Rac1 Be7
15. b4 Na4 16. c5 Nxc3 17. Rxc3 axb4 18. axb4 Ra2 19. Bc4 Bxc4 20. Nxc4 Rd8 21.
Rb1 f5 22. Ra3 Rxa3 23. Nxa3 b6 24. cxb6+ Kxb6 25. Nc4+ Kc7 26. Kf1 Rd5 27. Ra1
Kb7 28. Na5+ Kb6 29. Nc4+ Kb5 30. Ra7 Bxb4 31. Rxf7 Kxc4 32. Rxf5 Bc3 33. e4
Rb5 34. Rf7 Kd3 35. g4 Kxe4 36. Ng5+ Kd3 37. Rxg7 Bd4 38. Rxh7 c5 39. Nf3 c4
40. Rc7 Rb1+ 41. Kg2 c3 42. Rd7 c2 0-1

[Event "II Festival A"]
[Site "Letojanni ITA"]
[Date "2002.12.23"]
[Round "4"]
[White "Trabert, Bettina"]
[Black "Messina, Elia"]
[Result "1/2-1/2"]
[WhiteElo "2319"]
[BlackElo "2147"]
[PlyCount "87"]
[EventDate "2002.12.21"]

1. e4 e5 2. Nf3 Nf6 3. Nc3 d6 4. d4 exd4 5. Nxd4 Be7 6. Be2 O-O 7. O-O Nc6 8.
Be3 Nxd4 9. Bxd4 Bd7 10. f4 Bc6 11. Bd3 Qd7 12. Rf3 Rad8 13. Rg3 g6 14. f5 b5
15. Qf3 a6 16. Nd5 Bxd5 17. exd5 Rde8 18. fxg6 fxg6 19. Bxg6 hxg6 20. Rxg6+ Kh7
21. Qd3 Ne4 22. Rg7+ Kh6 23. Qxe4 Qf5 24. Qxf5 Rxf5 25. Rg4 Bg5 26. h4 Be3+ 27.
Bxe3+ Rxe3 28. Rf1 Rxd5 29. Rf6+ Kh5 30. Rgf4 Rde5 31. Kh2 Re2 32. Kh3 R5e3+
33. Rf3 Rxf3+ 34. Rxf3 Rxc2 35. g4+ Kg6 36. h5+ Kg7 37. g5 Rxb2 38. Kg4 Rb4+
39. Kf5 Rc4 40. h6+ Kg8 41. Kf6 Rg4 42. Re3 Rf4+ 43. Ke6 Rf2 44. Ra3 1/2-1/2

[Event "II Festival A"]
[Site "Letojanni ITA"]
[Date "2002.12.23"]
[Round "4"]
[White "Valenti, Giuseppe"]
[Black "Hocevar, Nikola"]
[Result "1-0"]
[WhiteElo "2230"]
[BlackElo "2100"]
[PlyCount "135"]
[EventDate "2002.12.21"]

1. e4 c5 2. Nf3 Nc6 3. Bb5 g6 4. O-O Bg7 5. Re1 Nf6 6. e5 Nd5 7. Nc3 Nc7 8.
Bxc6 bxc6 9. Ne4 Ne6 10. d3 O-O 11. Be3 d6 12. Qd2 f5 13. exf6 exf6 14. d4 f5
15. Neg5 Nxd4 16. Bxd4 cxd4 17. h4 Qf6 18. Rad1 c5 19. Qd3 h6 20. Qb3+ Kh8 21.
Ne6 Bxe6 22. Rxe6 Qf7 23. Rxd6 Qxb3 24. axb3 Rf6 25. Rd7 Re6 26. Rc7 Bf8 27.
Re1 Rxe1+ 28. Nxe1 a5 29. Nd3 a4 30. bxa4 Rxa4 31. Rc8 Kg7 32. Nxc5 Bxc5 33.
Rxc5 Ra1+ 34. Kh2 Rb1 35. b3 d3 36. cxd3 Rxb3 37. Rd5 f4 38. g3 fxg3+ 39. Kxg3
Kf6 40. Kf3 Ke6 41. Rd8 Kf5 42. Rf8+ Ke6 43. Ke4 Rb1 44. h5 gxh5 45. Rh8 Re1+
46. Kf4 Kd5 47. Rxh6 Rh1 48. Kg5 Rh3 49. Rxh5 Rxd3 50. f4 Ke6 51. Kg6 Rf3 52.
Re5+ Kd6 53. Kf5 Rf1 54. Re3 Rf2 55. Kg5 Rg2+ 56. Kf6 Rg8 57. f5 Rf8+ 58. Kg6
Rg8+ 59. Kf7 Rg1 60. f6 Kd7 61. Rd3+ Kc7 62. Kf8 Rf1 63. f7 Rf2 64. Rd5 Rf1 65.
Ke7 Re1+ 66. Kf6 Rf1+ 67. Ke6 Rf2 68. Rf5 1-0

[Event "II Festival A"]
[Site "Letojanni ITA"]
[Date "2002.12.24"]
[Round "5"]
[White "Alibrandi, Alfredo"]
[Black "Bondielli, Giorgio"]
[Result "0-1"]
[WhiteElo "1693"]
[BlackElo "2006"]
[PlyCount "66"]
[EventDate "2002.12.21"]

1. d4 f5 2. f4 Nf6 3. Nf3 e6 4. e3 b6 5. Bd3 Bb7 6. Qe2 Be7 7. Nbd2 O-O 8. e4
fxe4 9. Nxe4 Nxe4 10. Bxe4 Bxe4 11. Qxe4 Nc6 12. Bd2 Nb4 13. h4 Nd5 14. O-O-O
Bd6 15. Ng5 Nf6 16. Qd3 Qe8 17. h5 c6 18. h6 g6 19. Rdf1 Qe7 20. Rf3 Nd5 21. g3
b5 22. Rh4 a5 23. Rg4 Rf5 24. Kb1 a4 25. Ne4 Bb4 26. Nc3 Nf6 27. Rg5 Rf8 28.
Re3 Rxg5 29. fxg5 Ng4 30. Rf3 Nf2 31. Qe3 Rxf3 32. Qxf3 Qf7 33. Qf4 Nh3 0-1

[Event "II Festival A"]
[Site "Letojanni ITA"]
[Date "2002.12.24"]
[Round "5"]
[White "Bonetti, Carlo"]
[Black "Cacciola, Alfredo"]
[Result "1/2-1/2"]
[WhiteElo "1778"]
[BlackElo "1731"]
[PlyCount "68"]
[EventDate "2002.12.21"]

1. e4 c5 2. Nf3 d6 3. Bb5+ Bd7 4. a4 Nf6 5. d3 Nc6 6. O-O e6 7. Bxc6 Bxc6 8. e5
dxe5 9. Nxe5 Qd5 10. Nxc6 Qxc6 11. Nd2 Be7 12. Nc4 O-O 13. Bf4 Rfd8 14. Qe2 Nd7
15. Rfe1 a6 16. a5 b5 17. axb6 Nxb6 18. Nxb6 Qxb6 19. Be5 Bf8 20. Bc3 Ra7 21.
Qf3 Qb7 22. Qxb7 Rxb7 23. Ra4 g6 24. Rea1 Bg7 25. Bxg7 Kxg7 26. b3 Rb6 27. Ra5
Rc6 28. g4 Kf6 29. Kg2 e5 30. h4 h6 31. Kg3 Ke6 32. Re1 Re8 33. f4 Kd5 34. Kf3
Ree6 1/2-1/2

[Event "II Festival A"]
[Site "Letojanni ITA"]
[Date "2002.12.24"]
[Round "5"]
[White "Chilingirova, Pavlina"]
[Black "Trabert, Bettina"]
[Result "0-1"]
[WhiteElo "2216"]
[BlackElo "2319"]
[PlyCount "124"]
[EventDate "2002.12.21"]

1. c4 c6 2. Nf3 d5 3. e3 Nf6 4. b3 Bg4 5. Bb2 e6 6. h3 Bh5 7. Nc3 Bd6 8. g4 Bg6
9. Nh4 Nbd7 10. Nxg6 hxg6 11. cxd5 exd5 12. Bg2 Qe7 13. d4 Nf8 14. a3 Ne6 15.
Qe2 a5 16. f4 Kf8 17. Kf2 Re8 18. g5 Nh5 19. h4 Qc7 20. Qf3 Nexf4 21. exf4 Bxf4
22. Ne2 Re3 23. Qxe3 Bxe3+ 24. Kxe3 f6 25. Bf3 Kf7 26. Kf2 Nf4 27. Rad1 Nxe2
28. Kxe2 Qg3 29. Bc1 Rxh4 30. Rxh4 Qxh4 31. Be3 Qh2+ 32. Bf2 Qd6 33. a4 Qa3 34.
Rd3 Qb2+ 35. Ke3 Qc1+ 36. Rd2 f5 37. Ke2 Qa3 38. Rd3 Qe7+ 39. Re3 Qxg5 40. Be1
Qf4 41. Kd3 Qc7 42. b4 Qd6 43. bxa5 Qa3+ 44. Bc3 Qxa4 45. Re1 Qc4+ 46. Kc2 Qa2+
47. Kd3 Qf2 48. Bd1 Qg3+ 49. Re3 Qd6 50. Re2 g5 51. Rb2 Qg3+ 52. Kc2 Qc7 53.
Bd2 g4 54. Rb3 Kf6 55. Be2 g5 56. Re3 g3 57. Bf3 g4 58. Bg2 f4 59. Re5 f3 60.
Bf1 g2 61. Bxg2 fxg2 62. Re1 Qg3 0-1

[Event "II Festival A"]
[Site "Letojanni ITA"]
[Date "2002.12.24"]
[Round "5"]
[White "De Propris, Gabriele"]
[Black "Pircher, Karl"]
[Result "1/2-1/2"]
[WhiteElo "1719"]
[BlackElo "2058"]
[PlyCount "23"]
[EventDate "2002.12.21"]

1. e4 e6 2. d4 d5 3. exd5 exd5 4. Bd3 Bd6 5. Nf3 Bg4 6. O-O Nc6 7. c3 Nge7 8.
a4 Qd7 9. Na3 a6 10. Nc2 Bf5 11. Ne3 Bg6 12. b4 1/2-1/2

[Event "II Festival A"]
[Site "Letojanni ITA"]
[Date "2002.12.24"]
[Round "5"]
[White "Gangemi, Salvatore"]
[Black "Antoniacci, Riccardo"]
[Result "1-0"]
[WhiteElo "2049"]
[BlackElo "1927"]
[PlyCount "87"]
[EventDate "2002.12.21"]

1. c4 e5 2. Nc3 d6 3. g3 f5 4. d3 Nf6 5. Bg2 g6 6. Bg5 c6 7. h4 h6 8. Bd2 Bg7
9. e3 Be6 10. Nge2 Nbd7 11. Rc1 O-O 12. Qb3 Nc5 13. Qc2 Qe7 14. b4 Ncd7 15. Qb3
Nb6 16. O-O e4 17. Nf4 Bf7 18. Na4 Nxa4 19. Qxa4 exd3 20. Nxd3 Ne4 21. Be1 Nxg3
22. fxg3 Qxe3+ 23. Bf2 Qxd3 24. Rfd1 Qe2 25. Rxd6 Qg4 26. Qb3 f4 27. Bf3 Qf5
28. g4 Qe5 29. Rd7 b5 30. Qc2 Qe6 31. Qd2 bxc4 32. Rd6 Qe7 33. Re1 Be5 34. Rxc6
Rad8 35. Qc2 Rc8 36. Rc5 Rxc5 37. bxc5 Qc7 38. Be4 Qd7 39. Qe2 Bd4 40. c6 Bxf2+
41. Kxf2 Qe7 42. g5 hxg5 43. h5 gxh5 44. Bh7+ 1-0

[Event "II Festival A"]
[Site "Letojanni ITA"]
[Date "2002.12.24"]
[Round "5"]
[White "Hocevar, Nikola"]
[Black "Russo, Alfio"]
[Result "1-0"]
[WhiteElo "2100"]
[BlackElo "1792"]
[PlyCount "120"]
[EventDate "2002.12.21"]

1. c4 Nf6 2. Nc3 d6 3. g3 g6 4. Bg2 Bg7 5. Nf3 e5 6. O-O O-O 7. d4 Qe8 8. e4 c6
9. h3 a5 10. Re1 Na6 11. Be3 Nc7 12. dxe5 dxe5 13. Bc5 Nh5 14. Bxf8 Bxf8 15.
Na4 Ra6 16. c5 f6 17. Rc1 Ng7 18. Bf1 Ra7 19. Qb3+ Nge6 20. Nb6 Kh8 21. Nxc8
Qxc8 22. Qe3 a4 23. Red1 Ra5 24. Qd2 Rxc5 25. Rxc5 Nxc5 26. Qd8 Qxd8 27. Rxd8
Kg7 28. a3 b5 29. Ne1 N7e6 30. Rc8 Nd4 31. f3 Nce6 32. Kg2 Kf7 33. Bd3 c5 34.
Nc2 c4 35. Nxd4 exd4 36. Bxc4 bxc4 37. Rxc4 d3 38. Kf1 Nc5 39. Ke1 Bd6 40. f4
Ke6 41. Kd2 h5 42. h4 Be7 43. Ke3 Kd6 44. Rb4 Kc7 45. Rb5 g5 46. Ra5 d2 47. Ke2
gxf4 48. gxf4 Bd6 49. e5 fxe5 50. fxe5 Be7 51. Ra7+ Kd8 52. Kxd2 Bxh4 53. Rh7
Bg5+ 54. Kc3 h4 55. Kc4 Ne6 56. Kb5 Bc1 57. Rxh4 Bxb2 58. Kxa4 Bxe5 59. Kb5 Kd7
60. Rh7+ Kd6 1-0

[Event "II Festival A"]
[Site "Letojanni ITA"]
[Date "2002.12.24"]
[Round "5"]
[White "Marano, Salvatore"]
[Black "Tuttobene, Sergio"]
[Result "1-0"]
[WhiteElo "1827"]
[BlackElo "2113"]
[PlyCount "51"]
[EventDate "2002.12.21"]

1. e4 d6 2. d4 Nf6 3. Nc3 c6 4. Nf3 Bg4 5. Be3 Nbd7 6. Qd2 Qa5 7. Ng1 c5 8. h3
cxd4 9. Bxd4 Be6 10. f4 Rc8 11. Nf3 h6 12. Bd3 Nc5 13. O-O Bd7 14. e5 dxe5 15.
fxe5 Nh5 16. b4 Qxb4 17. Rab1 Qa5 18. Rb5 Qa6 19. Nb1 Qxa2 20. Nc3 Qa6 21. Nb1
Qa2 22. Nc3 Qa6 23. Nb1 Qa2 24. Rxc5 Rd8 25. Bc4 Qa4 26. Nc3 1-0

[Event "II Festival A"]
[Site "Letojanni ITA"]
[Date "2002.12.24"]
[Round "5"]
[White "Messina, Elia"]
[Black "Rotstein, Arkadij"]
[Result "0-1"]
[WhiteElo "2147"]
[BlackElo "2544"]
[PlyCount "52"]
[EventDate "2002.12.21"]

1. e4 c5 2. Nf3 e6 3. d4 cxd4 4. Nxd4 a6 5. Nc3 b5 6. a3 Bb7 7. Bd3 Qb6 8. Nb3
Qc7 9. O-O Nf6 10. Bg5 Be7 11. Kh1 d6 12. f4 Nbd7 13. Qe1 h6 14. Bh4 O-O 15.
Rd1 Rfe8 16. Bg3 Nh5 17. Be2 Nxg3+ 18. Qxg3 Bf6 19. Bxb5 axb5 20. Nxb5 Qxc2 21.
Nxd6 Reb8 22. Nxf7 Bxe4 23. Na1 Qxb2 24. Nxh6+ Kh7 25. Ng4 Rxa3 26. Ne3 Rxe3
0-1

[Event "II Festival A"]
[Site "Letojanni ITA"]
[Date "2002.12.24"]
[Round "5"]
[White "Ortega, Lexy"]
[Black "Fabiano, Giuseppe"]
[Result "1-0"]
[WhiteElo "2452"]
[BlackElo "2278"]
[PlyCount "47"]
[EventDate "2002.12.21"]

1. d4 Nf6 2. Nf3 c5 3. d5 a6 4. c4 b5 5. Qc2 e6 6. e4 bxc4 7. Nc3 Bb7 8. Bg5
Be7 9. Bxf6 Bxf6 10. e5 Be7 11. Bxc4 exd5 12. Nxd5 Nc6 13. O-O O-O 14. Rad1 d6
15. Nxe7+ Qxe7 16. exd6 Qf6 17. Qc3 Qxc3 18. bxc3 Rad8 19. Rfe1 Na5 20. Ne5 g6
21. d7 Kg7 22. Bd5 Bxd5 23. Rxd5 f6 24. Nd3 1-0

[Event "II Festival A"]
[Site "Letojanni ITA"]
[Date "2002.12.24"]
[Round "5"]
[White "Santagati, Alessandro"]
[Black "Motzer, Heinrich"]
[Result "1-0"]
[WhiteElo "1749"]
[BlackElo "2044"]
[PlyCount "120"]
[EventDate "2002.12.21"]

1. d4 Nf6 2. Nf3 e6 3. Bg5 Be7 4. c4 d5 5. Nc3 c6 6. e3 Nbd7 7. cxd5 exd5 8.
Bd3 O-O 9. Qc2 Re8 10. h3 Nf8 11. O-O Ng6 12. Ne5 Bd6 13. Nxg6 hxg6 14. Rfe1
Qc7 15. Rac1 a6 16. Bxf6 gxf6 17. Nxd5 Qd8 18. Nc3 Kg7 19. Rcd1 Be6 20. e4 Qd7
21. Kf1 Bxh3 22. gxh3 Qxh3+ 23. Ke2 Qg4+ 24. Kd2 Bf4+ 25. Re3 Qf3 26. Rf1 Rh8
27. Qd1 Bxe3+ 28. fxe3 Rh2+ 29. Be2 Qh5 30. Qb3 b5 31. e5 f5 32. e6 Qh3 33. Kd3
Re8 34. Rf3 Qg2 35. exf7 Re7 36. Qb4 Kxf7 37. a3 Rh3 38. Rxh3 Qxh3 39. Nd1 f4
40. Qd2 f3 41. Nf2 Qg2 42. Bd1 g5 43. e4 Kg6 44. Qe3 g4 45. e5 g3 46. Qe4+ Kg7
47. Qg4+ Kf8 48. Qc8+ Re8 49. Qf5+ Ke7 50. Qf6+ Kd7 51. Qd6+ Kc8 52. Qxc6+ Kd8
53. Qd6+ Kc8 54. Qc6+ Kd8 55. Qd6+ Kc8 56. Qc6+ Kd8 57. Bxf3 Qxf2 58. Qb6+ Ke7
59. Qd6+ Kf7 60. Bh5+ Kg7 1-0

[Event "II Festival A"]
[Site "Letojanni ITA"]
[Date "2002.12.24"]
[Round "5"]
[White "Valenti, Giuseppe"]
[Black "Cappadona, Salvatore"]
[Result "1/2-1/2"]
[WhiteElo "2230"]
[BlackElo "2192"]
[PlyCount "106"]
[EventDate "2002.12.21"]

1. e4 d6 2. d4 Nf6 3. Bd3 e5 4. c3 d5 5. dxe5 Nxe4 6. Nf3 Nc6 7. h3 Be7 8. O-O
Nc5 9. Bc2 a5 10. Be3 Be6 11. Nbd2 Nd7 12. Bf4 Nf8 13. Nb3 Ng6 14. Bg3 Qd7 15.
Nbd4 Nxd4 16. Nxd4 Bc5 17. Nxe6 Qxe6 18. Kh1 Ne7 19. a3 Bb6 20. Qf3 c6 21. Rfe1
h5 22. Bh4 Bd8 23. Bxe7 Bxe7 24. Bf5 Qh6 25. e6 f6 26. c4 d4 27. Qe4 O-O-O 28.
Red1 d3 29. Rxd3 Rxd3 30. Qxd3 Rd8 31. Qe4 Qd2 32. b4 Rd4 33. Qe3 Qb2 34. Rb1
Qd2 35. bxa5 Qxe3 36. fxe3 Rd2 37. Kg1 Kc7 38. Rb3 Bd6 39. g4 hxg4 40. hxg4
Rd1+ 41. Kf2 Bc5 42. Ke2 Rd8 43. a4 Be7 44. Rb1 Rd6 45. Rh1 Bf8 46. Kf3 Rd8 47.
Kf4 Kd6 48. Rb1 Kc7 49. Bg6 Rd2 50. Bf7 Rf2+ 51. Ke4 Bd6 52. Rd1 Rc2 53. Kd3
Rg2 1/2-1/2

[Event "II Festival A"]
[Site "Letojanni ITA"]
[Date "2002.12.26"]
[Round "6"]
[White "Antoniacci, Riccardo"]
[Black "Santagati, Alessandro"]
[Result "0-1"]
[WhiteElo "1927"]
[BlackElo "1749"]
[PlyCount "62"]
[EventDate "2002.12.21"]

1. e4 c5 2. Nf3 e6 3. d3 Nc6 4. g3 d5 5. Nbd2 Nf6 6. Bg2 dxe4 7. dxe4 b6 8. O-O
Bb7 9. e5 Nd5 10. a3 Be7 11. c4 Nc7 12. Qe2 Na6 13. Ne4 Qc7 14. Bf4 O-O-O 15.
Nd6+ Bxd6 16. exd6 Qd7 17. Rfb1 f6 18. Bh3 Rde8 19. Re1 Nd8 20. Qd3 g5 21. Bd2
h5 22. Bg2 e5 23. Nxg5 Bxg2 24. Kxg2 fxg5 25. Bxg5 Nf7 26. Bf6 Rh6 27. Qf3 Qxd6
28. Rad1 Qxf6 29. Qa8+ Nb8 30. Qxa7 Ng5 31. f4 Qc6+ 0-1

[Event "II Festival A"]
[Site "Letojanni ITA"]
[Date "2002.12.26"]
[Round "6"]
[White "Bondielli, Giorgio"]
[Black "Hocevar, Nikola"]
[Result "1/2-1/2"]
[WhiteElo "2006"]
[BlackElo "2100"]
[PlyCount "66"]
[EventDate "2002.12.21"]

1. e4 c5 2. d4 cxd4 3. c3 d3 4. Bxd3 Nc6 5. Nf3 d6 6. h3 g6 7. O-O Bg7 8. Bg5
Nf6 9. Qe2 O-O 10. Nbd2 h6 11. Bf4 Nd7 12. Nc4 Nb6 13. Rad1 Nxc4 14. Bxc4 Qa5
15. Rd5 Qc7 16. Rd2 Na5 17. Bd3 e5 18. Be3 Be6 19. Bb1 Nc4 20. Rc2 Nxe3 21.
Qxe3 d5 22. exd5 Bxd5 23. Rd1 Bc6 24. Rcd2 Rfd8 25. Bc2 Rxd2 26. Rxd2 a6 27.
Qc5 Rc8 28. Ne1 Rd8 29. Qe3 Rxd2 30. Qxd2 Qe7 31. Qe3 Kh7 32. Be4 Bxe4 33. Qxe4
Qd7 1/2-1/2

[Event "II Festival A"]
[Site "Letojanni ITA"]
[Date "2002.12.26"]
[Round "6"]
[White "Cappadona, Salvatore"]
[Black "Gangemi, Salvatore"]
[Result "1/2-1/2"]
[WhiteElo "2192"]
[BlackElo "2049"]
[PlyCount "80"]
[EventDate "2002.12.21"]

1. Nf3 c5 2. b3 Nc6 3. Bb2 Nf6 4. e3 d5 5. Bb5 Bg4 6. Bxc6+ bxc6 7. h3 Bh5 8.
d3 e6 9. Nbd2 Nd7 10. O-O f6 11. Qe1 Be7 12. e4 Bf7 13. Qe2 O-O 14. Rfe1 Re8
15. Nf1 Rc8 16. Ne3 Bf8 17. Nh2 Bd6 18. Nf3 Bh5 19. g4 Bf7 20. Ng2 d4 21. Nd2
g5 22. Nc4 Bb8 23. Bc1 e5 24. Bd2 Bc7 25. h4 h6 26. Qf3 Kg7 27. h5 Be6 28. Qe2
a5 29. a4 Nf8 30. Reb1 Qd7 31. f3 Ra8 32. Qe1 Qd8 33. Bc1 Bf7 34. Nd2 Ne6 35.
Nf1 Re7 36. Ng3 Rd7 37. Nf5+ Kh7 38. Bd2 Bd6 39. Kf2 Bf8 40. Bc1 Ng7 1/2-1/2

[Event "II Festival A"]
[Site "Letojanni ITA"]
[Date "2002.12.26"]
[Round "6"]
[White "Chilingirova, Pavlina"]
[Black "Ortega, Lexy"]
[Result "0-1"]
[WhiteElo "2216"]
[BlackElo "2452"]
[PlyCount "60"]
[EventDate "2002.12.21"]

1. d4 Nf6 2. Nf3 e6 3. c4 c5 4. d5 exd5 5. cxd5 d6 6. Nc3 g6 7. e4 Bg7 8. Bb5+
Nbd7 9. a4 O-O 10. O-O a6 11. Bd3 Re8 12. Re1 Rb8 13. Bf4 Qc7 14. a5 Nh5 15.
Bd2 Ne5 16. Be2 Nxf3+ 17. Bxf3 Nf6 18. Na4 Nd7 19. Qc2 Qd8 20. Ra3 Ne5 21. b4
cxb4 22. Bxb4 f5 23. exf5 Bxf5 24. Be4 Qh4 25. g3 Bxe4 26. Rxe4 Nf3+ 27. Rxf3
Qxe4 28. Qb3 Rec8 29. Nb6 Rc1+ 30. Kg2 Rb1 0-1

[Event "II Festival A"]
[Site "Letojanni ITA"]
[Date "2002.12.26"]
[Round "6"]
[White "Fabiano, Giuseppe"]
[Black "Valenti, Giuseppe"]
[Result "0-1"]
[WhiteElo "2278"]
[BlackElo "2230"]
[PlyCount "64"]
[EventDate "2002.12.21"]

1. e4 c5 2. Nf3 e6 3. d3 d5 4. Nbd2 Nc6 5. g3 Nf6 6. Bg2 Be7 7. O-O O-O 8. Re1
b5 9. e5 Nd7 10. a4 Qc7 11. axb5 Ncxe5 12. Nxe5 Nxe5 13. Nc4 Ng6 14. Na5 a6 15.
bxa6 Rxa6 16. Bd2 Bf6 17. Qc1 Bd7 18. Ra3 Rfa8 19. Qa1 Rb8 20. Rb1 h6 21. c4
Rab6 22. Bc1 Bd4 23. Kf1 Qe5 24. Qa2 Qh5 25. Kg1 Qe2 26. Be3 Bxe3 27. b3 Bxf2+
28. Kh1 Qxa2 29. Rxa2 Bd4 30. cxd5 exd5 31. Bxd5 Ra6 32. Ra3 Bb5 0-1

[Event "II Festival A"]
[Site "Letojanni ITA"]
[Date "2002.12.26"]
[Round "6"]
[White "Marano, Salvatore"]
[Black "Messina, Elia"]
[Result "0-1"]
[WhiteElo "1827"]
[BlackElo "2147"]
[PlyCount "66"]
[EventDate "2002.12.21"]

1. e4 e5 2. Nc3 Nf6 3. g3 Nc6 4. Bg2 Bc5 5. Nge2 O-O 6. O-O d6 7. Na4 Bg4 8. h3
Bxe2 9. Qxe2 Nd4 10. Qd1 Qd7 11. c3 Ne6 12. b4 Bb6 13. d4 exd4 14. Nxb6 axb6
15. cxd4 Rfd8 16. d5 Nf8 17. a4 Re8 18. Qc2 h6 19. Bb2 N6h7 20. f4 Rac8 21. Qf2
Ng6 22. Qd4 Nf6 23. g4 c5 24. dxc6 bxc6 25. Rad1 Rcd8 26. g5 hxg5 27. fxg5 Nh5
28. Rf2 Ne5 29. Rfd2 Qe7 30. h4 Nf4 31. Qxb6 Nxg2 32. Rxg2 Nf3+ 33. Kh1 Qxe4
0-1

[Event "II Festival A"]
[Site "Letojanni ITA"]
[Date "2002.12.26"]
[Round "6"]
[White "Motzer, Heinrich"]
[Black "Alibrandi, Alfredo"]
[Result "1/2-1/2"]
[WhiteElo "2044"]
[BlackElo "1693"]
[PlyCount "107"]
[EventDate "2002.12.21"]

1. c4 g6 2. Nf3 Bg7 3. Nc3 Nf6 4. g3 d6 5. Bg2 O-O 6. O-O Na6 7. d3 c5 8. a3
Rb8 9. Rb1 Bd7 10. b4 b6 11. Qc2 Qc8 12. Bg5 h6 13. Bxf6 exf6 14. Nd5 Re8 15.
e3 Nc7 16. Nd2 Nxd5 17. Bxd5 f5 18. Rfe1 Be6 19. b5 a5 20. a4 Qd8 21. Nf3 Qf6
22. Bxe6 fxe6 23. Kg2 d5 24. Rbd1 Rbc8 25. Qc1 Qf7 26. h3 e5 27. cxd5 Qxd5 28.
Qc4 Rcd8 29. Qxd5+ Rxd5 30. e4 Rdd8 31. Kf1 Kf7 32. Ke2 Ke6 33. g4 fxg4 34.
hxg4 g5 35. Nd2 Kd6 36. Nc4+ Kc7 37. Rh1 Rf8 38. Rh3 Rf7 39. Ne3 Rd4 40. Ra1
Rd6 41. Nf5 Rdf6 42. Rhh1 Bf8 43. f3 Rh7 44. Kd2 Kd7 45. Kc3 Ke6 46. Kc4 Rg6
47. Ne3 Rd7 48. Nd5 Rd6 49. Rh5 Kf7 50. Rh3 Rge6 51. Ne3 Rg6 52. Nf5 Rdf6 53.
Kd5 Re6 54. Kc4 1/2-1/2

[Event "II Festival A"]
[Site "Letojanni ITA"]
[Date "2002.12.26"]
[Round "6"]
[White "Pircher, Karl"]
[Black "Russo, Alfio"]
[Result "1-0"]
[WhiteElo "2058"]
[BlackElo "1792"]
[PlyCount "78"]
[EventDate "2002.12.21"]

1. d4 Nf6 2. c4 g6 3. Nc3 Bg7 4. e4 d6 5. Nf3 O-O 6. Be2 e5 7. O-O Nc6 8. d5
Ne7 9. Ne1 Ne8 10. Nd3 f5 11. Bd2 Nf6 12. f3 Rf7 13. Rc1 f4 14. b4 g5 15. c5 b6
16. cxd6 cxd6 17. Nb5 Ng6 18. Qc2 Ne8 19. a4 a6 20. Na3 Nf6 21. Nf2 h5 22. h3
Bh6 23. a5 g4 24. fxg4 hxg4 25. hxg4 Rg7 26. Nc4 Nh4 27. Qd1 Nxg2 28. Kxg2 Bxg4
29. Bxg4 Nxg4 30. Nxg4 Qh4 31. Rg1 Rf8 32. Qf3 Kh8 33. Kf1 Rfg8 34. Rh1 Rxg4
35. Rxh4 Rxh4 36. Nxd6 Rg3 37. Rc8+ Kh7 38. Rc7+ Bg7 39. Qf2 Rhh3 1-0

[Event "II Festival A"]
[Site "Letojanni ITA"]
[Date "2002.12.26"]
[Round "6"]
[White "Rotstein, Arkadij"]
[Black "Trabert, Bettina"]
[Result "1-0"]
[WhiteElo "2544"]
[BlackElo "2319"]
[PlyCount "85"]
[EventDate "2002.12.21"]

1. c4 c6 2. e4 d5 3. exd5 cxd5 4. cxd5 Nf6 5. Nc3 Nxd5 6. Nf3 e6 7. Bc4 Nf6 8.
O-O Be7 9. d4 O-O 10. Re1 Nc6 11. a3 b6 12. Qd3 Bb7 13. Bf4 Rc8 14. Rad1 Na5
15. Ba2 Nd5 16. Bb1 f5 17. Ne2 Nc4 18. Bc1 b5 19. Ng3 Rf6 20. Ng5 Qd7 21. Qe2
Rc6 22. h4 h6 23. Nf3 Rf8 24. Bd3 Bf6 25. Nh5 Qd8 26. Nxf6+ Qxf6 27. h5 Rfc8
28. Bxc4 bxc4 29. Ne5 R6c7 30. Bd2 c3 31. bxc3 Nxc3 32. Bxc3 Rxc3 33. Nd7 Qf7
34. Qxe6 Qxe6 35. Rxe6 Rxa3 36. d5 Rd8 37. Re7 Bc8 38. Ne5 Ra6 39. Rc7 Be6 40.
Nc6 Rd6 41. Rb1 Bxd5 42. Rb8+ Kh7 43. Rcc8 1-0

[Event "II Festival A"]
[Site "Letojanni ITA"]
[Date "2002.12.26"]
[Round "6"]
[White "Tuttobene, Sergio"]
[Black "Bonetti, Carlo"]
[Result "1-0"]
[WhiteElo "2113"]
[BlackElo "1778"]
[PlyCount "123"]
[EventDate "2002.12.21"]

1. e4 g6 2. d4 Bg7 3. c3 d6 4. Bc4 Nf6 5. Qe2 e5 6. Nf3 Nc6 7. dxe5 Nxe5 8.
Nxe5 dxe5 9. O-O O-O 10. f3 Ne8 11. Be3 Qe7 12. a4 Nd6 13. Bc5 Be6 14. Na3 a6
15. Rfd1 Rfd8 16. Bd5 Bxd5 17. Rxd5 b6 18. Bf2 a5 19. Rad1 Nb7 20. Nc4 Rxd5 21.
Rxd5 Rd8 22. Qd2 f6 23. Rxd8+ Qxd8 24. Qxd8+ Nxd8 25. Ne3 Kf7 26. Nd5 Ne6 27.
Kf1 Bf8 28. g3 Bc5 29. b4 Bd6 30. Ke2 axb4 31. cxb4 c6 32. Nxb6 Bxb4 33. Nc4
Ke7 34. Kd3 Kd7 35. Bb6 Nc5+ 36. Bxc5 Bxc5 37. Ne3 Kc7 38. Ng4 Be7 39. Kc4 Kb6
40. Nh6 Ka5 41. Kb3 Bd8 42. Ng8 h5 43. h3 f5 44. Nh6 fxe4 45. fxe4 Bg5 46. Nf7
Bf6 47. g4 Kb6 48. Kc4 Kc7 49. gxh5 gxh5 50. Nh6 Bh4 51. Nf5 Bf2 52. Ng7 h4 53.
Nf5 Kb7 54. Ne7 Kb6 55. Ng6 Bg3 56. Nf8 Bh2 57. Ne6 Bg1 58. Ng5 Be3 59. Nf3 Bf4
60. Nxh4 Bg5 61. Nf3 Bc1 62. h4 1-0

[Event "II Festival A"]
[Site "Letojanni ITA"]
[Date "2002.12.27"]
[Round "7"]
[White "Alibrandi, Alfredo"]
[Black "Cacciola, Alfredo"]
[Result "0-1"]
[WhiteElo "1693"]
[BlackElo "1731"]
[PlyCount "74"]
[EventDate "2002.12.21"]

1. d4 d5 2. c4 e6 3. Nc3 c6 4. Nf3 Nf6 5. cxd5 exd5 6. Bg5 h6 7. Bh4 Nbd7 8. e3
Be7 9. Bd3 O-O 10. Qc2 Re8 11. Nd2 Nf8 12. f3 Nh5 13. Bf2 Bg5 14. e4 Nf4 15.
Bf1 dxe4 16. fxe4 f5 17. e5 c5 18. Nf3 cxd4 19. Bxd4 N4g6 20. Bc4+ Be6 21.
Bxe6+ Nxe6 22. Rd1 Nxd4 23. Rxd4 Qc8 24. Rd5 Bf6 25. Qb3 Kh8 26. Qb5 a6 27. Qd7
Nxe5 28. Qxc8 Nxf3+ 29. Kf2 Raxc8 30. Kxf3 Bxc3 31. bxc3 Rxc3+ 32. Kf4 Rc2 33.
Rb1 Re7 34. Rd8+ Kh7 35. Rb8 Rxg2 36. R8xb7 Rxb7 37. Rxb7 Rxa2 0-1